Business letters that will get you the results you want (Record no. 143098)

MARC details
000 -LEADER
fixed length control field 00656nam a2200229 i 4500
001 - CONTROL NUMBER
control field C2-0221500
003 - CONTROL NUMBER IDENTIFIER
control field PPAK
005 - DATE AND TIME OF LATEST TRANSACTION
control field 20180728151025.0
008 - FIXED-LENGTH DATA ELEMENTS--GENERAL INFORMATION
fixed length control field 991102s1994 my |||| ||||| | eng d
040 ## - CATALOGING SOURCE
Original cataloging agency PPAK
Language of cataloging eng
Transcribing agency PPAK
Description conventions rda
082 04 - DEWEY DECIMAL CLASSIFICATION NUMBER
Classification number 808.066651
Edition number 23
090 00 - LOCALLY ASSIGNED LC-TYPE CALL NUMBER (OCLC); LOCAL CALL NUMBER (RLIN)
Classification number (OCLC) (R) ; Classification number, CALL (RLIN) (NR) 808.066651
Feature heading NAN
Feature heading G
100 1# - MAIN ENTRY--PERSONAL NAME
Personal name Nandy, Milon,
Relator term author
245 10 - TITLE STATEMENT
Title Business letters that will get you the results you want
264 #1 - PRODUCTION, PUBLICATION, DISTRIBUTION, MANUFACTURE, AND COPYRIGHT NOTICE
Place of production, publication, distribution, manufacture Kuala Lumpur :
Name of producer, publisher, distributor, manufacturer S. Abdul Majeed ,
Date of production, publication, distribution, manufacture, or copyright notice 1994
300 ## - PHYSICAL DESCRIPTION
Extent 202 pages ;
Dimensions 22 cm
336 ## - CONTENT TYPE
Source rdacontent
Content type term text
337 ## - MEDIA TYPE
Source rdamedia
Media type term unmediated
338 ## - CARRIER TYPE
Source rdacarrier
Carrier type term volume
650 10 - SUBJECT ADDED ENTRY--TOPICAL TERM
Topical term or geographic name entry element Commercial correspondence
942 ## - ADDED ENTRY ELEMENTS (KOHA)
-- dc
Koha item type Book
Holdings
Withdrawn Not for loan Current library Shelving location Date acquired Full call number Barcode Date last seen Koha item type Total Checkouts Date last checked out
    Perpustakaan Alor Setar Pinjaman Dewasa 17/05/2000 808.066651 NAN A00235761 31/05/2018 Book    
    Perpustakaan Alor Setar Pinjaman Dewasa 16/10/2005 808.066651 NAN A00235762 24/02/2019 Book 1 12/02/2019
    Perpustakaan Awam Sungai Petani Pinjaman Dewasa 04/03/2004 808.066651 NAN A00235766 31/05/2018 Book    
    Perpustakaan Baling Pinjaman Dewasa 04/05/2003 808.066651 NAN A00235780 31/05/2018 Book    
    Perpustakaan Jitra Pinjaman Dewasa 08/02/2004 808.066651 NAN A00235768 31/05/2018 Book    
    Perpustakaan Kuala Kedah Pinjaman Dewasa 05/06/2002 808.066651 NAN A00235763 31/05/2018 Book    
    Perpustakaan Kulim Pinjaman Dewasa 02/11/1999 808.066651 NAN A00235760 31/05/2018 Book    
    Perpustakaan Kulim Pinjaman Dewasa 09/04/2006 808.066651 NAN A00235770 31/05/2018 Book    
    Perpustakaan Kulim Pinjaman Dewasa 02/11/1999 808.066651 NAN A00235748 31/05/2018 Book    
    Perpustakaan Kulim Pinjaman Dewasa 02/11/1999 808.066651 NAN A00235749 31/05/2018 Book    
    Perpustakaan Yan Pinjaman Dewasa 02/11/1999 808.066651 NAN A00235751 31/05/2018 Book    
    Perpustakaan Yan Pinjaman Dewasa 12/12/2018 808.066651 NAN A00161524 12/12/2018 Book